Croatian accession to the European Union institutional challenges
Salvato in:
| Altri autori: | |
|---|---|
| Natura: | Libro |
| Lingua: | inglese |
| Pubblicazione: |
Zagreb
Institute of Public Finance
2004
|
| Soggetti: | |
| Tags: |
Nessun Tag, puoi essere il primo ad aggiungerne!!
|
MARC
| LEADER | 00000nam$a2200000$$$4500 | ||
|---|---|---|---|
| 001 | 0013154 | ||
| 005 | 20240104134426.0 | ||
| 020 | |a 953-6047-48-9 | ||
| 041 | 0 | |a eng | |
| 044 | |a HR | ||
| 245 | 1 | 0 | |a Croatian accession to the European Union |b institutional challenges |c editor: Katarina Ott |
| 264 | 1 | |a Zagreb |b Institute of Public Finance |c 2004 | |
| 300 | |a 339 s. | ||
| 610 | 2 | 0 | |a integrácia ekonomická medzinárodná |
| 610 | 2 | 0 | |a reformy |
| 610 | 2 | 0 | |a inštitúcie verejnoprávne |
| 610 | 2 | 0 | |a makroekonomika |
| 610 | 2 | 0 | |a stabilita hospodárstva |
| 610 | 2 | 0 | |a politika fiškálna |
| 610 | 2 | 0 | |a chudoba |
| 610 | 2 | 0 | |a zákony |
| 610 | 2 | 0 | |a administratíva |
| 610 | 2 | 0 | |a ochrana spotrebiteľa |
| 610 | 2 | 0 | |a ochrana prostredia životného |
| 610 | 2 | 0 | |a menšiny národnostné |
| 610 | 2 | 0 | |a štúdium vysokoškolské |
| 610 | 2 | 0 | |a kultúra |
| 610 | 2 | 0 | |a politika sociálna |
| 610 | 2 | 0 | |a Európska únia |
| 610 | 2 | 0 | |a Chorvátsko |
| 700 | 1 | |a Ott, Katarina | |